[Event "XV Weekend A"]
[Site "Cocquio-Trevisago ITA"]
[Date "2002.10.20"]
[Round "3"]
[White "Pedetti, Roberto"]
[Black "De Francisci, Lorenzo"]
[Result "1/2-1/2"]
[WhiteElo "1488"]
[BlackElo "1654"]
[PlyCount "120"]
[EventDate "2002.10.19"]

1. c4 e5 2. Nc3 Nf6 3. e4 d6 4. d3 Be7 5. Be2 O-O 6. Nf3 Bg4 7. Ng5 Bxe2 8.
Nxe2 h6 9. Nh3 Kh7 10. O-O g5 11. f3 Nh5 12. Nf2 Nf4 13. g3 Nxe2+ 14. Qxe2 Nc6
15. Be3 f5 16. exf5 Rxf5 17. g4 Rf7 18. Ne4 d5 19. Nd2 Nd4 20. Bxd4 exd4 21.
cxd5 Qxd5 22. Qe4+ Qxe4 23. fxe4 Raf8 24. Rxf7+ Rxf7 25. Rf1 Rf4 26. Rxf4 gxf4
27. Kf2 Kg6 28. Kf3 c5 29. b3 b5 30. a4 bxa4 31. bxa4 Kg5 32. Nc4 Bd8 33. Ne5
Bc7 34. Nc6 a6 35. Ne7 Be5 36. Nc6 Bc7 37. h3 Kf6 38. h4 Ke6 39. g5 hxg5 40.
hxg5 Kd7 41. g6 Ke8 42. e5 Kf8 43. Kxf4 Kg7 44. Kf5 c4 45. Nxd4 cxd3 46. Nb3
Ba5 47. Ke6 Kxg6 48. Kd7 d2 49. Nxd2 Bxd2 50. e6 Bb4 51. e7 Bxe7 52. Kxe7 a5
53. Ke6 Kg7 54. Ke7 Kg6 55. Kd6 Kf7 56. Kd7 Kf6 57. Kc6 Ke6 58. Kb6 Kd7 59. Kb7
Kd8 60. Ka6 Kc8 1/2-1/2

[Event "XV Weekend A"]
[Site "Cocquio-Trevisago ITA"]
[Date "2002.10.20"]
[Round "3"]
[White "Pepa, Syrja"]
[Black "D'Aulisa, Francesco"]
[Result "1-0"]
[WhiteElo "1684"]
[BlackElo "1504"]
[PlyCount "83"]
[EventDate "2002.10.19"]

1. e4 d6 2. d4 e6 3. Bd3 Nd7 4. Be3 h6 5. Ne2 Ne7 6. O-O e5 7. c3 g5 8. Ng3 Ng6
9. Nf5 Nf6 10. dxe5 Nxe5 11. Bc2 Bxf5 12. exf5 Bg7 13. f4 Nc4 14. Bc1 g4 15.
Qe2+ Kf8 16. Qxc4 h5 17. Re1 h4 18. Be3 g3 19. h3 Ng4 20. Nd2 d5 21. Bc5+ Kg8
22. Qe2 Nh2 23. Nf3 b6 24. Be7 Qe8 25. f6 Bf8 26. Nxh2 gxh2+ 27. Kxh2 Rc8 28.
Qe5 Bh6 29. Bf5 Qa4 30. g3 hxg3+ 31. Kxg3 Bg5 32. Rg1 Rh6 33. Kf3 Kh8 34. Rxg5
Qc6 35. Qd4 Rg8 36. Rxg8+ Kxg8 37. Rg1+ Kh8 38. Rg3 Qb5 39. Qg1 Qe8 40. Rg7 Rh5
41. Qg4 Rh6 42. Qg5 1-0

[Event "XV Weekend A"]
[Site "Cocquio-Trevisago ITA"]
[Date "2002.10.20"]
[Round "3"]
[White "Schingaro, Angelo"]
[Black "Cardani, Roberto"]
[Result "1/2-1/2"]
[WhiteElo "1588"]
[BlackElo "1722"]
[PlyCount "87"]
[EventDate "2002.10.19"]

1. c4 Nf6 2. Nc3 g6 3. g3 Bg7 4. Bg2 O-O 5. Nf3 d6 6. O-O e5 7. d3 Nc6 8. Bd2
h6 9. Rb1 Ne7 10. b4 Nd7 11. Qc2 c6 12. a4 Qc7 13. Qb3 Rb8 14. Be3 a6 15. b5
Nf5 16. Bd2 Nc5 17. b6 Qe7 18. Qc2 Ne6 19. e3 Qd8 20. a5 Ne7 21. Rbd1 f5 22.
Ne2 Nc5 23. d4 Ne4 24. dxe5 Nxd2 25. Rxd2 d5 26. cxd5 Nxd5 27. Nc3 Be6 28. Rfd1
Qc7 29. Nxd5 Bxd5 30. Nh4 Bf7 31. f4 Rfd8 32. Rd6 Rxd6 33. Rxd6 Rd8 34. Qd3
Rxd6 35. Qxd6 Qxd6 36. exd6 Be8 37. Nxg6 Kf7 38. Nh4 Ke6 39. Bh3 Bc3 40. Nxf5
Bxa5 41. Ng7+ Kf7 42. d7 Bxd7 43. Bxd7 Kxg7 44. Be6 1/2-1/2

[Event "XV Weekend A"]
[Site "Cocquio-Trevisago ITA"]
[Date "2002.10.20"]
[Round "3"]
[White "Schneiders, Albert"]
[Black "Strada, Stefano"]
[Result "1/2-1/2"]
[WhiteElo "2230"]
[BlackElo "1791"]
[PlyCount "44"]
[EventDate "2002.10.19"]

1. d4 Nf6 2. c4 e6 3. Nf3 b6 4. g3 Bb7 5. Bg2 Be7 6. Nc3 O-O 7. O-O Na6 8. a3
d5 9. cxd5 Nxd5 10. Qc2 Nxc3 11. bxc3 Qc8 12. a4 c5 13. Ba3 Re8 14. Rfc1 cxd4
15. Bxe7 Rxe7 16. cxd4 Qxc2 17. Rxc2 Nb4 18. Rb2 a5 19. Rc1 f6 20. Ne1 Bxg2 21.
Kxg2 Rb8 22. Rb3 Kf7 1/2-1/2

[Event "XV Weekend A"]
[Site "Cocquio-Trevisago ITA"]
[Date "2002.10.20"]
[Round "3"]
[White "Taglione, Giuseppe"]
[Black "Giovannini, Gabriele"]
[Result "0-1"]
[WhiteElo "1500"]
[BlackElo "1462"]
[PlyCount "80"]
[EventDate "2002.10.19"]

1. e4 e6 2. d4 d5 3. exd5 exd5 4. Nf3 Bg4 5. h3 Bh5 6. Qe2+ Be7 7. Bf4 Nc6 8.
c3 Nf6 9. Nbd2 O-O 10. Qd1 Ne4 11. Be2 Bxf3 12. Bxf3 Bg5 13. Be3 Bxe3 14. fxe3
Qh4+ 15. Ke2 Ng3+ 16. Kd3 Nxh1 17. Qxh1 Rfe8 18. Qe1 Qg5 19. Qf2 Qg6+ 20. Ke2
Ne7 21. g4 c6 22. Nf1 Qc2+ 23. Ke1 Qd3 24. Be2 Qc2 25. Bd1 Qg6 26. Bc2 Qg5 27.
Kd2 g6 28. Re1 f5 29. Qf4 Qf6 30. g5 Qe6 31. h4 Nc8 32. Ng3 Nb6 33. b3 a5 34.
a4 Nd7 35. Bd3 c5 36. Bb5 cxd4 37. cxd4 Qe7 38. Qc7 Red8 39. Rc1 Rac8 40. Qxb7
Qb4+ 0-1

[Event "XV Weekend A"]
[Site "Cocquio-Trevisago ITA"]
[Date "2002.10.20"]
[Round "3"]
[White "Travaini, Gianfranco"]
[Black "Bertrecchi, Corrado"]
[Result "1-0"]
[WhiteElo "1510"]
[BlackElo "1398"]
[PlyCount "63"]
[EventDate "2002.10.19"]

1. e4 e6 2. d4 c5 3. c3 Qh4 4. Nd2 Nh6 5. Ngf3 Qf6 6. Bd3 g6 7. e5 Qg7 8. Ne4
Ng8 9. Bg5 Be7 10. Qd2 Bxg5 11. Qxg5 Nc6 12. Bb5 Nce7 13. O-O-O h6 14. Qe3 Nf5
15. Nd6+ Nxd6 16. exd6 cxd4 17. Rxd4 Nf6 18. h3 O-O 19. c4 b6 20. Ne5 Re8 21.
g4 Bb7 22. Rg1 Rac8 23. Kb1 a6 24. Ba4 g5 25. f4 Qh7+ 26. Ka1 Ne4 27. Bc2 f5
28. fxg5 Nxg5 29. gxf5 exf5 30. h4 Kh8 31. hxg5 Rg8 32. g6 1-0

[Event "XV Weekend A"]
[Site "Cocquio-Trevisago ITA"]
[Date "2002.10.26"]
[Round "4"]
[White "Cardani, Roberto"]
[Black "Bozzali, Ermanno"]
[Result "1-0"]
[WhiteElo "1722"]
[BlackElo "2135"]
[PlyCount "95"]
[EventDate "2002.10.19"]

1. e4 g6 2. d4 Bg7 3. Nc3 c6 4. Nf3 d5 5. Be2 dxe4 6. Nxe4 Nd7 7. O-O Ngf6 8.
Nxf6+ Nxf6 9. h3 O-O 10. c3 a5 11. a4 Be6 12. Bf4 Qb6 13. Qc1 Rfd8 14. Re1 Nd5
15. Bg3 Re8 16. Ng5 Bf5 17. Nf3 Rad8 18. Ne5 f6 19. Nc4 Qa7 20. Bf3 c5 21. Nd6
exd6 22. Bxd5+ Kh8 23. Qd2 cxd4 24. Qxd4 Qxd4 25. cxd4 Bf8 26. Rxe8 Rxe8 27.
Rc1 Rc8 28. Rxc8 Bxc8 29. Kf1 b6 30. Bc4 Bb7 31. d5 Kg7 32. f3 Be7 33. Ke2 f5
34. Bf2 Bd8 35. Kd3 Kf6 36. f4 g5 37. g4 Kg6 38. Ke3 fxg4 39. hxg4 b5 40. f5+
Kf6 41. axb5 Bb6+ 42. Kf3 Bxf2 43. Kxf2 Ke5 44. Ke3 Bc8 45. b6 Bb7 46. b3 Bc8
47. f6 Kxf6 48. Bb5 1-0

[Event "XV Weekend A"]
[Site "Cocquio-Trevisago ITA"]
[Date "2002.10.26"]
[Round "4"]
[White "Centofante, Maria Rosa"]
[Black "Pedetti, Roberto"]
[Result "0-1"]
[WhiteElo "1543"]
[BlackElo "1488"]
[PlyCount "138"]
[EventDate "2002.10.19"]

1. d4 Nf6 2. Nf3 c5 3. e3 d5 4. c4 cxd4 5. Nxd4 e5 6. Nf3 Nc6 7. Nc3 Bb4 8. a3
Bxc3+ 9. bxc3 O-O 10. Be2 dxc4 11. Qxd8 Rxd8 12. Bxc4 Bg4 13. Be2 Ne4 14. c4 f6
15. h3 Be6 16. O-O Na5 17. c5 Nxc5 18. Bd2 Nab3 19. Rad1 Rd6 20. Bb4 Rad8 21.
Rxd6 Rxd6 22. Rd1 Rxd1+ 23. Bxd1 Bc4 24. Bc2 Bd3 25. Bxb3+ Nxb3 26. Ne1 Bc4 27.
f3 Kf7 28. Kf2 h5 29. h4 Ke6 30. Bf8 g6 31. e4 f5 32. g3 b6 33. Ke3 Nc5 34.
Bxc5 bxc5 35. Nc2 Kd6 36. Kd2 fxe4 37. fxe4 Bb5 38. Ne3 Ke6 39. Kc3 Bc6 40. Kd3
Kf6 41. Nc4 Bb5 42. Kc3 a6 43. Kb3 g5 44. hxg5+ Kxg5 45. Nxe5 Bf1 46. Nf3+ Kf6
47. Nd2 Bg2 48. Kc4 Ke5 49. Kxc5 Bxe4 50. Kb6 Bd3 51. a4 Kf5 52. Nf3 Kg4 53.
Ne5+ Kxg3 54. Nxd3 h4 55. Kxa6 h3 56. a5 h2 57. Nc5 h1=Q 58. Kb6 Qh6+ 59. Kb5
Qf8 60. a6 Qb8+ 61. Nb7 Qa7 62. Na5 Kf4 63. Nc6 Qa8 64. Kb6 Ke4 65. a7 Kd5 66.
Nb4+ Kd6 67. Na6 Qc6+ 68. Ka5 Qb7 69. Nb4 Qxa7+ 0-1

[Event "XV Weekend A"]
[Site "Cocquio-Trevisago ITA"]
[Date "2002.10.26"]
[Round "4"]
[White "D'Aulisa, Francesco"]
[Black "Florio, Italo"]
[Result "1-0"]
[WhiteElo "1504"]
[BlackElo "1290"]
[PlyCount "64"]
[EventDate "2002.10.19"]

1. e4 d6 2. d4 Nf6 3. Nc3 g6 4. h3 Bg7 5. Nf3 Nc6 6. Bb5 a6 7. Bxc6+ bxc6 8.
O-O O-O 9. Re1 Bb7 10. Be3 Nd7 11. Qd2 e5 12. Bh6 c5 13. d5 Qe7 14. Bxg7 Kxg7
15. Nh2 f5 16. f4 fxe4 17. fxe5 Nxe5 18. Rxe4 Rf5 19. Ng4 Qf8 20. Rae1 Re8 21.
Nd1 Bxd5 22. Rxe5 Rexe5 23. Nxe5 c6 24. Ng4 Rh5 25. Qc3+ Kf7 26. Nde3 Be4 27.
Rf1+ Bf5 28. Nxf5 gxf5 29. Qf6+ Kg8 30. Qxf8+ Kxf8 31. Ne3 d5 32. Nxf5 Ke8 1-0

[Event "XV Weekend A"]
[Site "Cocquio-Trevisago ITA"]
[Date "2002.10.26"]
[Round "4"]
[White "De Francisci, Lorenzo"]
[Black "Schingaro, Angelo"]
[Result "1/2-1/2"]
[WhiteElo "1654"]
[BlackElo "1588"]
[PlyCount "104"]
[EventDate "2002.10.19"]

1. e4 d6 2. d4 Nf6 3. Bd3 e5 4. dxe5 dxe5 5. Bg5 Be7 6. Nf3 Nbd7 7. O-O O-O 8.
Qe2 Re8 9. Rd1 c6 10. Bc4 Qc7 11. Nh4 Nc5 12. Bxf6 Bxf6 13. Nf5 Bxf5 14. exf5
e4 15. c3 Rad8 16. Nd2 b5 17. Nb3 Nxb3 18. Bxb3 Qe5 19. Qh5 g6 20. Qg4 Qxf5 21.
Qxf5 gxf5 22. Kf1 Kg7 23. Ke2 Be5 24. h3 h5 25. Ke3 Kf6 26. a3 h4 27. Rab1 Bc7
28. a4 Bb6+ 29. Ke2 a6 30. axb5 axb5 31. Ra1 Rxd1 32. Rxd1 Rd8 33. Ra1 Ke7 34.
Ra6 Rb8 35. f3 exf3+ 36. Kxf3 f6 37. Kf4 c5 38. Kxf5 c4 39. Bc2 Bf2 40. Rxf6
Rf8 41. Rxf8 Kxf8 42. Be4 Ke7 43. Bc6 b4 44. cxb4 Kd6 45. b5 Be1 46. Ke4 c3 47.
bxc3 Bxc3 48. Kf4 Be5+ 49. Kg4 Bg3 50. Bf3 Kc7 51. Kf5 Kb6 52. Be2 Bf2 1/2-1/2

[Event "XV Weekend A"]
[Site "Cocquio-Trevisago ITA"]
[Date "2002.10.26"]
[Round "4"]
[White "Della Rocca, Luigi"]
[Black "Brioschi, Camillo"]
[Result "1/2-1/2"]
[WhiteElo "1645"]
[BlackElo "1741"]
[PlyCount "106"]
[EventDate "2002.10.19"]

1. e4 e5 2. Nc3 Nc6 3. Bc4 Nf6 4. f4 exf4 5. Nf3 d6 6. d4 Bg4 7. Bxf4 Be7 8.
Qd2 Nxe4 9. Bxf7+ Kxf7 10. Nxe4 Bxf3 11. gxf3 Bh4+ 12. Bg3 Bf6 13. c3 Re8 14.
O-O-O Rc8 15. Rhg1 d5 16. Nc5 b6 17. Nd3 Qd7 18. f4 Ne7 19. Ne5+ Bxe5 20. fxe5
Nf5 21. Qd3 Kg8 22. Rg2 Nxg3 23. Qxg3 c5 24. Kb1 c4 25. Rf1 Rf8 26. Rgf2 Rxf2
27. Qxf2 Qe7 28. Qg2 Rd8 29. Rf4 b5 30. Qg4 a5 31. a3 b4 32. e6 Rf8 33. Rxf8+
Qxf8 34. axb4 axb4 35. cxb4 Qxb4 36. Qe2 c3 37. e7 c2+ 38. Kxc2 Qa4+ 39. Kb1
Kf7 40. e8=Q+ Qxe8 41. Qxe8+ Kxe8 42. Kc2 Kd7 43. Kd3 Kc6 44. Ke3 Kb5 45. Kf4
Kc4 46. Ke5 g5 47. b3+ Kxb3 48. Kxd5 h5 49. Ke6 g4 50. d5 h4 51. d6 g3 52. d7
gxh2 53. d8=Q h1=Q 1/2-1/2

[Event "XV Weekend A"]
[Site "Cocquio-Trevisago ITA"]
[Date "2002.10.26"]
[Round "4"]
[White "Di Stefano, Claudio"]
[Black "Taglione, Giuseppe"]
[Result "1-0"]
[WhiteElo "1495"]
[BlackElo "1500"]
[PlyCount "39"]
[EventDate "2002.10.19"]

1. d4 e6 2. c4 Bb4+ 3. Nd2 Nf6 4. a3 Bxd2+ 5. Bxd2 d5 6. e3 c6 7. Qc2 Ne4 8.
Nf3 Nd7 9. Bd3 Ndf6 10. Bb4 a5 11. Bc3 b6 12. O-O Ba6 13. Ne5 Qc7 14. Be1 Rc8
15. b4 Nd6 16. c5 Bxd3 17. Qxd3 bxc5 18. bxc5 Nb7 19. Rb1 Nd7 20. Qa6 1-0

[Event "XV Weekend A"]
[Site "Cocquio-Trevisago ITA"]
[Date "2002.10.26"]
[Round "4"]
[White "Giordani, Marco"]
[Black "Schneiders, Albert"]
[Result "1/2-1/2"]
[WhiteElo "2097"]
[BlackElo "2230"]
[PlyCount "43"]
[EventDate "2002.10.19"]

1. d4 Nf6 2. c4 e6 3. Nc3 Bb4 4. Qc2 c5 5. dxc5 Na6 6. a3 Bxc3+ 7. Qxc3 Nxc5 8.
b4 Nce4 9. Qd4 d5 10. c5 b6 11. cxb6 Qxb6 12. Be3 Qxd4 13. Bxd4 Ba6 14. Rc1 Kd7
15. Nf3 Rhc8 16. Ne5+ Kd6 17. Ra1 Ke7 18. f3 Nd6 19. Bc5 Nd7 20. Nxd7 Kxd7 21.
e4 Bxf1 22. Rxf1 1/2-1/2

[Event "XV Weekend A"]
[Site "Cocquio-Trevisago ITA"]
[Date "2002.10.26"]
[Round "4"]
[White "Giovannini, Gabriele"]
[Black "Travaini, Gianfranco"]
[Result "0-1"]
[WhiteElo "1462"]
[BlackElo "1510"]
[PlyCount "66"]
[EventDate "2002.10.19"]

1. e4 c5 2. Nf3 Nc6 3. d4 cxd4 4. Nxd4 d6 5. Nc3 e5 6. Nf3 Nf6 7. Bg5 Be7 8.
Bc4 a6 9. O-O b5 10. Nxb5 axb5 11. Bxb5 Bb7 12. Bxf6 Bxf6 13. Qd5 Qc7 14. Rfd1
Be7 15. a4 O-O 16. Bxc6 Qxc6 17. Qxc6 Bxc6 18. a5 Bxe4 19. c4 Bxf3 20. gxf3
Rfc8 21. b3 Rcb8 22. Rdb1 Rb4 23. a6 Bd8 24. a7 Bb6 25. Ra6 Bc5 26. Kf1 Rxa7
27. Rxa7 Bxa7 28. Ke2 g6 29. Kd3 f5 30. Kc3 Bc5 31. Ra1 Kg7 32. Ra4 Rxa4 33.
bxa4 Bxf2 0-1

[Event "XV Weekend A"]
[Site "Cocquio-Trevisago ITA"]
[Date "2002.10.26"]
[Round "4"]
[White "Pepa, Syrja"]
[Black "Bernasconi, Fabio"]
[Result "1-0"]
[WhiteElo "1684"]
[BlackElo "1594"]
[PlyCount "67"]
[EventDate "2002.10.19"]

1. e4 e6 2. d4 d5 3. Nc3 dxe4 4. Nxe4 Nd7 5. Bc4 Ngf6 6. Bg5 Be7 7. Nxf6+ Bxf6
8. Be3 O-O 9. Nf3 b6 10. O-O Bb7 11. c3 Rc8 12. Bd3 c5 13. Re1 cxd4 14. Nxd4 a6
15. Qe2 Nc5 16. Bc2 Qc7 17. Qg4 g6 18. h4 h5 19. Qh3 Qd8 20. Rad1 Qe7 21. Bh6
Rfd8 22. b4 Rxd4 23. cxd4 Nd7 24. Bb3 Qxb4 25. Bxe6 Rc3 26. Bxf7+ Kh7 27. Be3
Qa4 28. Be8 Bc6 29. Qe6 Rxe3 30. fxe3 Qc2 31. d5 Bxh4 32. Bxg6+ Qxg6 33. Qxg6+
Kxg6 34. dxc6 1-0

[Event "XV Weekend A"]
[Site "Cocquio-Trevisago ITA"]
[Date "2002.10.26"]
[Round "4"]
[White "Piazza, Angelo"]
[Black "Mazzella, Luigi"]
[Result "1-0"]
[WhiteElo "1656"]
[BlackElo "1921"]
[PlyCount "99"]
[EventDate "2002.10.19"]

1. b3 d5 2. Nf3 Nc6 3. Bb2 Bf5 4. a3 d4 5. d3 e5 6. Nbd2 Nf6 7. h3 h6 8. g3 e4
9. dxe4 Nxe4 10. Nxe4 Bxe4 11. Bg2 Qd5 12. O-O O-O-O 13. Qd2 Be7 14. Ne1 Bxg2
15. Nxg2 Qf5 16. Kh2 g5 17. Qd3 Qd5 18. Rad1 Bc5 19. b4 Bb6 20. c4 dxc3 21.
Qxd5 Rxd5 22. Rxd5 cxb2 23. e3 a5 24. b5 Na7 25. Rb1 c6 26. bxc6 bxc6 27. Rf5
Rf8 28. Rxb2 Bc7 29. a4 f6 30. f4 Bd8 31. h4 Rh8 32. h5 Kc7 33. Rxa5 Nc8 34.
Ra8 Nb6 35. Ra7+ Kd6 36. Rd2+ Kc5 37. Ne1 Nc4 38. Rc2 Kb6 39. Ra8 Nxe3 40. Rb2+
Kc7 41. Nd3 Re8 42. Nc5 Ng4+ 43. Kh3 f5 44. Na6+ Kd6 45. Rd2+ Ke7 46. Nb8 Kf8
47. Nxc6 Re1 48. Nxd8 Ke7 49. Nc6+ Ke6 50. Re8+ 1-0

[Event "XV Weekend A"]
[Site "Cocquio-Trevisago ITA"]
[Date "2002.10.26"]
[Round "4"]
[White "Strada, Stefano"]
[Black "Cazzaniga, Walter"]
[Result "1/2-1/2"]
[WhiteElo "1791"]
[BlackElo "2094"]
[PlyCount "107"]
[EventDate "2002.10.19"]

1. c4 Nf6 2. Nc3 g6 3. g3 Bg7 4. Bg2 O-O 5. e4 d6 6. Nge2 Nc6 7. O-O e5 8. d3
Be6 9. h3 Qd7 10. Kh2 Ne8 11. Be3 Nd4 12. Qd2 c6 13. f4 f5 14. Rab1 a5 15. Na4
Qc7 16. b3 Rd8 17. Rbc1 c5 18. Nac3 Nf6 19. Nd5 Bxd5 20. cxd5 Nxe2 21. Qxe2
exf4 22. Bxf4 Rde8 23. Qc2 fxe4 24. dxe4 Nd7 25. Bf3 Ne5 26. Bxe5 Bxe5 27. Bg4
b5 28. Qd3 b4 29. Qb5 Kg7 30. Kg2 Qe7 31. Qd7 Qxd7 32. Bxd7 Rxf1 33. Rxf1 Re7
34. Bb5 Bd4 35. Bd3 Ra7 36. Bb5 Rb7 37. Bc4 Rf7 38. Rxf7+ Kxf7 39. Kf3 Kf6 40.
Kf4 Bc3 41. g4 Bd2+ 42. Kf3 Ke5 43. Ke2 Bf4 44. Kf3 g5 45. Bb5 Kd4 46. h4 h6
47. hxg5 hxg5 48. Bc4 Kc3 49. Ke2 a4 50. Kd1 a3 51. Bb5 Kd4 52. Kc2 Kxe4 53.
Bc6 Kd4 54. Bb7 1/2-1/2

[Event "XV Weekend A"]
[Site "Cocquio-Trevisago ITA"]
[Date "2002.10.27"]
[Round "5"]
[White "Bernasconi, Fabio"]
[Black "De Francisci, Lorenzo"]
[Result "1/2-1/2"]
[WhiteElo "1594"]
[BlackElo "1654"]
[PlyCount "40"]
[EventDate "2002.10.19"]

1. d4 d5 2. c4 dxc4 3. e3 c5 4. Bxc4 cxd4 5. exd4 e6 6. Nf3 Nf6 7. O-O Be7 8.
Nc3 a6 9. a4 O-O 10. Bg5 Nc6 11. Rc1 Bd7 12. Ba2 Nb4 13. Bb1 Bc6 14. Ne5 Rc8
15. h3 Nfd5 16. Bd2 Qb6 17. Qg4 Nf6 18. Qh4 Rfe8 19. Rfd1 Ne4 20. Qf4 Nf6
1/2-1/2

[Event "XV Weekend A"]
[Site "Cocquio-Trevisago ITA"]
[Date "2002.10.27"]
[Round "5"]
[White "Bertrecchi, Corrado"]
[Black "Giovannini, Gabriele"]
[Result "1-0"]
[WhiteElo "1398"]
[BlackElo "1462"]
[PlyCount "61"]
[EventDate "2002.10.19"]

1. b3 d5 2. Ba3 b6 3. Nf3 c5 4. e3 a6 5. c4 e6 6. Bb2 Nf6 7. Be2 Bd6 8. O-O Bb7
9. d4 Nbd7 10. Nbd2 Qc7 11. Re1 dxc4 12. Nxc4 Be7 13. dxc5 Bxc5 14. Rc1 Rd8 15.
Qc2 O-O 16. Nce5 Qb8 17. Nxd7 Rxd7 18. Ng5 h6 19. Bxf6 hxg5 20. Bxg5 Bd6 21. f4
f6 22. Qg6 Bb4 23. Bc4 Bd5 24. Red1 fxg5 25. Bxd5 exd5 26. Rxd5 Rxd5 27. Qe6+
Kh8 28. Qxd5 gxf4 29. Rc4 Bc5 30. Kh1 fxe3 31. Rh4# 1-0

[Event "XV Weekend A"]
[Site "Cocquio-Trevisago ITA"]
[Date "2002.10.27"]
[Round "5"]
[White "Brioschi, Camillo"]
[Black "Cardani, Roberto"]
[Result "1/2-1/2"]
[WhiteElo "1741"]
[BlackElo "1722"]
[PlyCount "95"]
[EventDate "2002.10.19"]

1. c4 Nf6 2. Nc3 g6 3. d4 Bg7 4. e4 d6 5. Nf3 O-O 6. Be2 e5 7. dxe5 dxe5 8.
Qxd8 Rxd8 9. Bg5 Re8 10. O-O-O h6 11. Be3 a6 12. Nd5 Nxd5 13. cxd5 Nd7 14. Nd2
f5 15. f3 Nf6 16. Rhe1 Bd7 17. Bc4 Kh7 18. Bg1 b5 19. Bf1 fxe4 20. fxe4 Bg4 21.
Be2 Bxe2 22. Rxe2 Nd7 23. Nb3 Bf6 24. Be3 Be7 25. Rc2 Bd6 26. Rf1 Rf8 27. Rcf2
Rxf2 28. Rxf2 Rf8 29. Rxf8 Bxf8 30. Kc2 g5 31. Kd3 Kg6 32. Bf2 h5 33. h3 Bd6
34. Na5 Bc5 35. Bxc5 Nxc5+ 36. Kc3 Kf6 37. Nc6 Nd7 38. b4 Nb6 39. Nb8 Nc4 40.
Kd3 a5 41. Na6 axb4 42. Nxc7 Nd6 43. Na6 g4 44. h4 Ke7 45. Nxb4 Nc4 46. Nc6+
Kd6 47. Nb4 Kc5 48. Nc2 1/2-1/2

[Event "XV Weekend A"]
[Site "Cocquio-Trevisago ITA"]
[Date "2002.10.27"]
[Round "5"]
[White "Cazzaniga, Walter"]
[Black "Giordani, Marco"]
[Result "0-1"]
[WhiteElo "2094"]
[BlackElo "2097"]
[PlyCount "36"]
[EventDate "2002.10.19"]

1. d4 Nf6 2. c4 e6 3. Nf3 b6 4. g3 Bb7 5. Bg2 Be7 6. O-O O-O 7. d5 exd5 8. Nh4
c6 9. cxd5 Nxd5 10. Nf5 Nc7 11. e4 d5 12. Nc3 Bf6 13. Bf4 d4 14. e5 dxc3 15.
exf6 Qxf6 16. Bxc7 cxb2 17. Rb1 Qxf5 18. Rxb2 Na6 0-1

[Event "XV Weekend A"]
[Site "Cocquio-Trevisago ITA"]
[Date "2002.10.27"]
[Round "5"]
[White "Florio, Italo"]
[Black "Di Stefano, Claudio"]
[Result "0-1"]
[WhiteElo "1290"]
[BlackElo "1495"]
[PlyCount "34"]
[EventDate "2002.10.19"]

1. Nf3 d6 2. d4 g6 3. g3 b6 4. Bg2 Bb7 5. c4 Bg7 6. Nc3 Nf6 7. O-O O-O 8. d5
Nbd7 9. e4 Ng4 10. Re1 Ba6 11. Qa4 Nc5 12. Qc6 Bxc4 13. Nd1 a6 14. a4 b5 15.
Be3 Nd3 16. Re2 Qc8 17. a5 Nb4 0-1

[Event "XV Weekend A"]
[Site "Cocquio-Trevisago ITA"]
[Date "2002.10.27"]
[Round "5"]
[White "Pedetti, Roberto"]
[Black "Della Rocca, Luigi"]
[Result "1/2-1/2"]
[WhiteElo "1488"]
[BlackElo "1645"]
[PlyCount "113"]
[EventDate "2002.10.19"]

1. c4 Nf6 2. Nc3 g6 3. e4 d6 4. b4 Bg7 5. Rb1 Nbd7 6. Nf3 c5 7. Be2 cxb4 8.
Rxb4 Nc5 9. d3 Qa5 10. a3 Na6 11. Qa4+ Qxa4 12. Rxa4 Bd7 13. Nb5 O-O 14. O-O
Rfc8 15. Be3 Bxb5 16. cxb5 Nc5 17. Rc4 Nfd7 18. Bd4 e5 19. Be3 Nb6 20. Rc2 a6
21. bxa6 bxa6 22. Rb1 Rab8 23. Rcb2 Nbd7 24. Rxb8 Rxb8 25. Rxb8+ Nxb8 26. Nd2
Kf8 27. Bxc5 dxc5 28. Nb3 Nd7 29. Bg4 Nf6 30. Bc8 c4 31. dxc4 Nxe4 32. Bxa6 Ke7
33. Kf1 Kd6 34. Ke2 Kc6 35. f3 Kb6 36. Bb5 Nc3+ 37. Kd3 Nxb5 38. cxb5 Kxb5 39.
g4 Ka4 40. Nc5+ Kxa3 41. Nd7 Kb4 42. Ke4 Kb5 43. g5 Kb4 44. Kd5 Kc3 45. Nf6 h5
46. Kxe5 Kd3 47. Kd6 Bf8+ 48. Ke5 Ke3 49. f4 Kf3 50. f5 h4 51. fxg6 fxg6 52.
Ke6 Kf4 53. Nh7 Kg4 54. Kf7 Bd6 55. Kxg6 Bf4 56. Nf6+ Kh3 57. Kf5 1/2-1/2

[Event "XV Weekend A"]
[Site "Cocquio-Trevisago ITA"]
[Date "2002.10.27"]
[Round "5"]
[White "Piazza, Angelo"]
[Black "Strada, Stefano"]
[Result "1-0"]
[WhiteElo "1656"]
[BlackElo "1791"]
[PlyCount "45"]
[EventDate "2002.10.19"]

1. b3 b6 2. Nf3 Bb7 3. Bb2 Nf6 4. e3 e6 5. Be2 Be7 6. O-O c5 7. d4 O-O 8. Nbd2
d5 9. a3 Nbd7 10. c4 Rc8 11. Rc1 Bd6 12. cxd5 Nxd5 13. Nc4 Bb8 14. dxc5 Nxc5
15. b4 Ne4 16. Qd4 Ndf6 17. Qxd8 Rfxd8 18. Nce5 Nd2 19. Rxc8 Bxc8 20. Nc6 Nxf1
21. Nxd8 Bc7 22. Nc6 Bb7 23. b5 1-0

[Event "XV Weekend A"]
[Site "Cocquio-Trevisago ITA"]
[Date "2002.10.27"]
[Round "5"]
[White "Schingaro, Angelo"]
[Black "Travaini, Gianfranco"]
[Result "1-0"]
[WhiteElo "1588"]
[BlackElo "1510"]
[PlyCount "109"]
[EventDate "2002.10.19"]

1. c4 e5 2. Nc3 Nf6 3. Nf3 Nc6 4. g3 d5 5. cxd5 Nxd5 6. Bg2 Be6 7. d3 Be7 8. a3
Rb8 9. O-O O-O 10. Bd2 a6 11. Rc1 Qd7 12. Qc2 f6 13. Nxd5 Bxd5 14. Ne1 Bxg2 15.
Nxg2 Rbc8 16. Qb3+ Kh8 17. Qxb7 Nd4 18. Qe4 Nb3 19. Rc2 Nxd2 20. Rxd2 Rb8 21.
Rc1 c5 22. Ne3 Rb3 23. h4 Rfb8 24. Nc4 Qe6 25. Rcc2 Bd8 26. f4 Qh3 27. Qg2
Qxg2+ 28. Kxg2 exf4 29. gxf4 f5 30. Kg3 Bf6 31. Ne5 Rc8 32. Nf7+ Kg8 33. Nd6
Rcb8 34. Rxc5 Bxb2 35. Rdc2 Rf8 36. Nxf5 Bxa3 37. Rc8 a5 38. R2c7 Rxc8 39.
Rxc8+ Bf8 40. Ra8 Ra3 41. Nd6 a4 42. Nc4 Ra2 43. Kf3 g6 44. Nb6 a3 45. Nd7 Kf7
46. Nxf8 Rb2 47. Nxh7 a2 48. Ng5+ Ke7 49. Ne4 Rc2 50. Ke3 Ke6 51. Ra5 Ke7 52.
d4 Ke6 53. Kd3 Rb2 54. Nc3 Rb3 55. Rxa2 1-0

[Event "XV Weekend A"]
[Site "Cocquio-Trevisago ITA"]
[Date "2002.10.27"]
[Round "5"]
[White "Schneiders, Albert"]
[Black "Pepa, Syrja"]
[Result "1-0"]
[WhiteElo "2230"]
[BlackElo "1684"]
[PlyCount "65"]
[EventDate "2002.10.19"]

1. d4 Nf6 2. c4 e6 3. Nf3 Bb4+ 4. Bd2 Bxd2+ 5. Nbxd2 O-O 6. e3 b6 7. Bd3 d5 8.
O-O Bb7 9. Rc1 Nbd7 10. cxd5 Nxd5 11. a3 Rc8 12. Ne4 Qe7 13. b4 f5 14. Nc3 Kh8
15. Qe2 c6 16. Ba6 Bxa6 17. Qxa6 Rc7 18. Qa4 Rfc8 19. Rc2 e5 20. Nxd5 cxd5 21.
Rfc1 Qd6 22. dxe5 Rxc2 23. Rxc2 Rxc2 24. Qxc2 Qf8 25. Qc6 Qe8 26. Qxd5 Qc8 27.
g3 Nf8 28. Ng5 h6 29. Nf7+ Kg8 30. Nd6+ Qe6 31. Qxe6+ Nxe6 32. Nc8 a5 33. Nxb6
1-0

[Event "XV Weekend A"]
[Site "Cocquio-Trevisago ITA"]
[Date "2002.10.27"]
[Round "5"]
[White "Taglione, Giuseppe"]
[Black "Centofante, Maria Rosa"]
[Result "1-0"]
[WhiteElo "1500"]
[BlackElo "1543"]
[PlyCount "65"]
[EventDate "2002.10.19"]

1. d4 Nf6 2. Nc3 d5 3. Nf3 c6 4. Bg5 e6 5. e3 h6 6. Bh4 Nbd7 7. Bd3 Bd6 8. O-O
Qc7 9. Bxf6 Nxf6 10. g3 O-O 11. Re1 Re8 12. e4 dxe4 13. Nxe4 Nxe4 14. Bxe4 e5
15. dxe5 Bxe5 16. Nxe5 Rxe5 17. Bg2 Rxe1+ 18. Qxe1 Be6 19. Rd1 Kf8 20. b3 Re8
21. Qd2 Kg8 22. c4 Qe7 23. Qe3 c5 24. Qe4 b6 25. Qd3 Bg4 26. f3 Bh5 27. Qd2
Qe3+ 28. Qxe3 Rxe3 29. g4 Bg6 30. Kf2 Re7 31. Bf1 Bh7 32. Rd8+ Re8 33. Rxe8#
1-0

[Event "XV Weekend A"]
[Site "Cocquio-Trevisago ITA"]
[Date "2002.10.27"]
[Round "6"]
[White "Cardani, Roberto"]
[Black "Schneiders, Albert"]
[Result "0-1"]
[WhiteElo "1722"]
[BlackElo "2230"]
[PlyCount "40"]
[EventDate "2002.10.19"]

1. e4 d5 2. exd5 Nf6 3. d4 Nxd5 4. c4 Nb6 5. Nf3 Bg4 6. Be2 e6 7. O-O Be7 8.
Be3 O-O 9. Ne5 Bxe2 10. Qxe2 N8d7 11. Nc3 c6 12. Rad1 Qe8 13. f4 Rd8 14. a3 a5
15. Ne4 h6 16. f5 Nxe5 17. dxe5 Rxd1 18. Qxd1 exf5 19. Nf6+ Bxf6 20. exf6 Qxe3+
0-1